Fundamentos de la sociedad libre
Պահպանված է:
| Հիմնական հեղինակ: | |
|---|---|
| Ձևաչափ: | Գիրք |
| Լեզու: | իսպաներեն |
| Հրապարակվել է: |
Santiago
Ograma
2013
|
| Հրատարակություն: | 1a. ed |
| Խորագրեր: | |
| Ցուցիչներ: |
Ավելացրեք ցուցիչ
Չկան պիտակներ, Եղեք առաջինը, ով նշում է այս գրառումը!
|
MARC
| LEADER | 00000cam a2200000 a 4500 | ||
|---|---|---|---|
| 001 | UCE6971 | ||
| 003 | CL-VaPUC | ||
| 008 | 150514e20130000cl |||||||||||||||||spa|d | ||
| 020 | |a 9789569225109 | ||
| 082 | 0 | 4 | |a 340.115 |b BUT |2 21 |
| 100 | 0 | |a Butler, Eamonn |e author |9 579700 | |
| 245 | 1 | 0 | |a Fundamentos de la sociedad libre |
| 250 | |a 1a. ed | ||
| 300 | |a 195 p | ||
| 942 | |c BK | ||
| 945 | |d 20150514 13:01:00 |a arojas | ||
| 260 | |a Santiago |b Ograma |c 2013 | ||
| 650 | 0 | |a Libertad |9 255686 | |
| 650 | 0 | |a Igualdad |9 258477 | |
| 650 | 0 | |a Libre mercado |9 463520 | |
| 650 | 0 | |a Estado de derecho |9 257795 | |
| 650 | 0 | |a Justicia |9 255408 | |
| 650 | 0 | |a Globalización |9 361930 | |
| 650 | 0 | |a Derecho y sociedad |9 255963 | |
| 583 | |a last modification |c 20150514 13:01:00 |k Rodrigo Vera | ||
| 999 | |c 359136 |d 359134 | ||
| 952 | |0 0 |1 0 |3 erb |4 0 |6 340_115000000000000_BUT_2013 |7 0 |8 A |9 468183 |a BIBDER |b BIBDER |i 5149711 |o 340.115 BUT 2013 |p 5149711 |r 2023-01-25 |w 2019-11-23 |y BK |z Catalogado en:20150514 |k DER | ||